| 000 | 00579nam a2200205Ia 4500 | ||
|---|---|---|---|
| 008 | 150520s9999 xx 000 0 und d | ||
| 050 | _aHD 28 | ||
| 050 | _b.M685 2015 | ||
| 100 | _aMitra, Lorenzo M. | ||
| 245 | _aInventory system for neutral grounds Alabang / | ||
| 245 | _cLorenzo M. Mitra. | ||
| 260 | _aLas PiƱas, Philippines : | ||
| 260 | _bSISC, | ||
| 260 | _c2015. | ||
| 300 | _a118 pages : | ||
| 300 | _bcolor illustrations ; | ||
| 300 | _c28 cm. | ||
| 500 | _aIncludes bibliographical references and appendices. | ||
| 650 | _aInventory management systems | ||
| 999 |
_c284090 _d284090 |
||